| 000 | 01084cad a22002535a 4500 | ||
|---|---|---|---|
| 001 | E148957 | ||
| 008 | 091204s2009 xxk f s 000 0 eng d | ||
| 035 | _a(Sirsi) u148957 | ||
| 041 | 0 | _aeng | |
| 050 | 0 | 4 | _a346.4104343 $2 18 |
| 110 | 2 |
_aBritish Property Federation _91604 |
|
| 245 | 0 | 0 |
_aBPF/IPD annual lease review 2009 _h[electronic resource] |
| 250 | _a12th ed. | ||
| 260 |
_aLondon _bBPF _aLondon _bIPD _c2009 |
||
| 490 | 0 |
_aBPF/IPD Annual Lease Review _v2009 |
|
| 520 | _aProvides a detailed analysis of lease lengths, break clauses, review cycles, rent free periods and income profiles. Suggests that the average lease length is still falling, from 6.2 years in 2007/8 to 5.9 years in 2008/9. | ||
| 590 | _aKA NTK | ||
| 650 | 2 | 4 | _aBPF/IPD ANNUAL LEASE REVIEW |
| 651 | 4 |
_aUnited Kingdom _y |
|
| 690 | _aPROPERTY-COMMERCIAL PROPERTY-COMMERCIAL PROPERTY MARKET | ||
| 710 | 2 |
_aInvestment Property Databank _92288 |
|
| 856 | 4 | 0 |
_uhttps://www.bpf.org.uk/en/files/bpf_documents/BPF_Annual_Lease_Review_2009.pdf _zView the review free of charge at www.bpf.org.uk |
| 942 | _n0 | ||
| 999 |
_c110304 _d110304 |
||